Ricostruisci la Carriera del Calciatore - Harry Kane - Statistics

Statistiche generali
  • Questo quiz è stato fatto 28 volte
  • Il punteggio medio è 3 su 8
Statistiche sulle risposte
Hint Risposta % Corretto
2023- Bayern Monaco
81%
2013-2023 Tottenham
71%
2012 Millwall
52%
2011 Leyton Orient
48%
2013 Leicester City
33%
2012 Tottenham
24%
2012-2013 Norwich City
14%
2011 Tottenham
10%
Nessun quiz corrispondente trovato
Distribuzione punteggi
Percentuale di utenti per punteggio
Percentile per numero di risposta
I tuoi punteggi nel tempo
Non hai fatto questo quiz